Flatterland : like flatland, only more so
Zapisane w:
| 1. autor: | |
|---|---|
| Format: | Książka |
| Język: | Undetermined |
| Wydane: |
London
Pan Books
2001
|
| Hasła przedmiotowe: | |
| Etykiety: |
Dodaj etykietę
Nie ma etykietki, Dołącz pierwszą etykiete!
|
| Thư viện lưu trữ: | Trung tâm Học liệu Trường Đại học Cần Thơ |
|---|
| LEADER | 00475nam a2200181Ia 4500 | ||
|---|---|---|---|
| 001 | CTU_121836 | ||
| 008 | 210402s9999 xx 000 0 und d | ||
| 082 | |a 823.914 | ||
| 082 | |b I.11 | ||
| 100 | |a Stewart, Ian | ||
| 245 | 0 | |a Flatterland : like flatland, only more so | |
| 245 | 0 | |c Ian Stewart | |
| 260 | |a London | ||
| 260 | |b Pan Books | ||
| 260 | |c 2001 | ||
| 650 | |a Mathematics,Universe | ||
| 904 | |i Thủy | ||
| 980 | |a Trung tâm Học liệu Trường Đại học Cần Thơ | ||